Premierzy Wielkiej Brytanii - Statystyki

Ogólne statystyki
  • Ten quiz został rozwiązany 74 razy
  • Średni wynik to 9 z 58
Statystyki odpowiedzi
Rok ich urzędowania Imię i nazwisko premiera % Poprawnych
2019-2022 Boris Johnson
88%
1940-1945, 1951-1955 Winston Churchill
83%
2022- Rishi Sunak
81%
2022-2023 Liz Truss
73%
2016-2019 Theresa May
72%
2010-2016 David Cameron
66%
1979-1990 Margaret Thatcher
64%
1997-2007 Tony Blair
63%
1945-1951 Clement Attlee
41%
1937-1940 Neville Chamberlain
39%
2007-2010 Gordon Brown
36%
1990-1997 John Major
28%
1955-1957 Anthony Eden
25%
1964-1970, 1774-1976 Harold Wilson
25%
1957-1963 Harold Macmillan
16%
1916-1922 David Lloyd George
14%
1963-1964 Alec Douglas-Home
9%
1868-1868, 1874-1880 Benjamin Disraeli
9%
1970-1974 Edward Heath
9%
1976-1979 James Callaghan
8%
1721-1742 Robert Walpole
8%
1766-1768 William Pitt
8%
1924-1924, 1929-1935 Ramsay MacDonald
6%
1783-1801, 1804-1806† William Pitt Młodszy
6%
1923-1924,1924-1929, 1935-1937 Stanley Baldwin
5%
1922-1923 Andrew Bonar Law
2%
1828-1830, 1834-1834 Arthur Wellesley
2%
1855-1858,1859-1865† Henry Temple
2%
1834-1835, 1841-1846 Robert Peel
2%
1746-1746 William Pulteney
2%
1894-1895 Archibald Primrose
0%
1902-1905 Arthur Balfour
0%
1768-1770 Augustus FitzRoy
0%
1830-1834 Charles Grey
0%
1765-1766, 1782-1782† Charles Watson-Wentworth
0%
1852-1852, 1858-1859, 1866-1868 Edward Stanley
0%
1770-1782 Frederick North
0%
1827-1828 Frederick Robinson
0%
1827-1827† George Canning
0%
1763-1765 George Grenville
0%
1852-1855 George Hamilton-Gordon
0%
1801-1804 Henry Addington
0%
1905-1908 Henry Campbell-Bannerman
0%
1743-1746, 1746-1754† Henry Pelham
0%
1908-1916 Herbert Henry Asquith
0%
1846-1852, 1865-1866 John Russell
0%
1762-1763 John Stuart
0%
1885-1886, 1895-1902 Robert Gascoyne-Cecil
0%
1812-1827 Robert Jenkinson
0%
1742-1743† Spencer Compton
0%
1809-1812† Spencer Perceval
0%
1754-1756,1757-1762 Thomas Pelham-Holles
0%
1756-1757 William Cavendish
0%
1783-1783, 1807-1809 William Cavendish-Bentinck
0%
1868-1874, 1880-1885, 1886-1886,1892-1894 William Ewart Gladstone
0%
1806-1807 William Grenville
0%
1834-1834, 1835-1841 William Lamb
0%
1782-1783 William Petty
0%
Nie znaleziono quizów pasujących do podanych kryteriów
Rozkład punktacji
Procent ludzi z każdym wynikiem
Percentyl według liczby udzielonych odpowiedzi
Twoja historia wyników
Nie rozwiązałeś tego quizu